000 00306nam a22001337a 4500
008 181004b xxu||||| |||| 00| 0 eng d
020 _a9780130621122
041 _aeng
080 _a330
100 _a52
101 _aECO
245 _aThe Joy Of Freedom An Ecomnomist
_cDavid.R.H
942 _2udc
_cBK
999 _c48836
_d48836